Statistics for Solve the Secret European City

Click here to take the quiz!

General Stats

  • This quiz has been taken 933 times
  • The average score is 15 of 27

Answer Stats

ScrambleEuropean City% Correct
EIKVKiev
99%
ABENRBern
98%
AIRPSParis
95%
IKMNSMinsk
92%
INRTUTurin
87%
AARSWWWarsaw
84%
ADEELSLeeds
83%
CHIMNUMunich
76%
LAFFKNRRTUFrankfurt
71%
NAAABILRSTVBratislava
64%
ABDEPSTUBudapest
60%
EHIIKLNSHelsinki
59%
BEGLMORUUXLuxembourg
57%
CCEGLNOOCologne
56%
EAGRSTTTTUStuttgart
47%
ADIKLOOSTVVVladivostok
47%
ADGGLROOVVolgograd
47%
AABCELNORBarcelona
40%
IACEEGHNNOPCopenhagen
34%
AABJJLLNULjubljana
31%
VAAAADELLLNORRV{Andorra} {la} {Vella}
30%
BDEGHINRUEdinburgh
30%
EIOOPLLRVLiverpool
30%
DEEFFHILSSheffield
27%
ACEEHMNRSTManchester
26%
AACELINVVALENCIA
25%
ABGHIIMMNRBirmingham
24%

Score Distribution

Percentile by Number Answered

Percent of People with Each Score

Your Score History

You have not taken this quiz